| 000 -LEADER |
| fixed length control field |
00391nam a2200097 4500 |
| 082 ## - DEWEY DECIMAL CLASSIFICATION NUMBER |
| Classification number |
B3x54 CIT/2021-22 |
| 100 ## - MAIN ENTRY--PERSONAL NAME |
| Personal name |
Department Of Administrative Reforms & Public Grievances, Government Of India |
| 9 (RLIN) |
36915 |
| 245 ## - TITLE STATEMENT |
| Title |
Citations For National E-Governance |
| Statement of responsibility, etc |
by Department Of Administrative Reforms & Public Grievances, Government Of India |
| 260 ## - PUBLICATION, DISTRIBUTION, ETC. (IMPRINT) |
| Place of publication, distribution, etc |
New delhi |
| Name of publisher, distributor, etc |
The author |
| Date of publication, distribution, etc |
2021 |
| 300 ## - PHYSICAL DESCRIPTION |
| Extent |
48p. |